000 00633nmm a2200193Ia 4500
008 251105s9999||||xx |||||||||||||||||und||
020 _a9788415770060
041 _aspa
100 _aLarriba, Elisabel
245 0 _aEl público de la prensa en España a finales del siglo XVIII (1781-1808)
264 _a[Madrid, España] :
_bPrensas Universitarias de Zaragoza,
_c2013
300 _a396 páginas
490 _aCiencias sociales
650 _aMedia Studies (Journ., TV, etc)
700 _aLarriba, Elisabel
700 1 _a Rodríguez Gascón, Daniel
856 _uhttps://public.digitaliapublishing.com/a/42771
942 _cCF
999 _c67669
_d67669